Statistics for Phobias Quiz

Click here to take the quiz!

General Stats

  • This quiz has been taken 110,121 times
  • The average score is 10 of 18

Answer Stats

PhobiaFear of...% Correct
ArachnophobiaSpiders
98%
ZoophobiaAnimals
93%
HydrophobiaWater
92%
ClaustrophobiaEnclosed spaces
89%
PyrophobiaFire
81%
NecrophobiaDeath / corpses
80%
TechnophobiaTechnology
75%
HemophobiaBlood
70%
AviophobiaFlying
68%
XenophobiaForeigners
58%
AgoraphobiaOpen spaces
57%
AcrophobiaHeights
56%
TriskaidekaphobiaThe number 13
33%
AndrophobiaMen
32%
ApiphobiaBees
21%
GlossophobiaPublic speaking
18%
ChorophobiaDancing
13%
GymnophobiaNudity
13%

Score Distribution

Percentile by Number Answered

Percent of People with Each Score

Your Score History

You have not taken this quiz